Country and Capital Neighbour Connect with Disappearing World Map: Closest to Greenwich Meridian - Statistics

General Stats
  • This quiz has been taken 143 times
  • The average score is 237 of 392
Answers on the Map
Answers color-coded by a green-red scale on the quiz's map according to % correct below.
 
Answer Stats
Hint Hint Country/Capital % Correct
377 86 London
98%
377 86 United Kingdom
95%
372 127.5 Spain
83%
384 118.7 Andorra
82%
393 86.9 Amsterdam
80%
384 118.7 Andorra la Vella
80%
414.2 100.9 Austria
80%
391 91 Belgium
80%
404 89.9 Berlin
80%
398.4 103.5 Bern
80%
391 91 Brussels
80%
386 105 France
80%
404 89.9 Germany
80%
416.4 124.2 Italy
80%
402 103.1 Liechtenstein
80%
394.3 94.2 Luxembourg
80%
394.3 94.2 Luxembourg (cap)
80%
393 86.9 Netherlands
80%
386 105 Paris
80%
416.4 124.2 Rome
80%
408.5 113.9 San Marino
80%
408.5 113.9 San Marino (cap)
80%
398.4 103.5 Switzerland
80%
402 103.1 Vaduz
80%
408.5 120.7 Vatican City
80%
408.5 120.7 Vatican City (cap)
80%
398 230.8 Abuja
77%
378.2 234.5 Accra
77%
425.5 124 Albania
77%
384.2 167.2 Algeria
77%
384.2 167.2 Algiers
77%
460.3 130.6 Ankara
77%
430 129 Athens
77%
377 202.2 Bamako
77%
461.7 146.8 Beirut
77%
427.6 113 Belgrade
77%
385.7 225 Benin
77%
421 113 Bosnia and Herzegovina
77%
423 98 Bratislava
77%
424.4 103.1 Budapest
77%
437.8 117.9 Bulgaria
77%
377 219 Burkina Faso
77%
368 235.9 Cote d'Ivoire
77%
418 108 Croatia
77%
414 93.8 Czech Republic
77%
467 143 Damascus
77%
447 171.3 Egypt
77%
378.2 234.5 Ghana
77%
430 129 Greece
77%
424.4 103.1 Hungary
77%
459 157 Jerusalem
77%
427.5 118.5 Kosovo
77%
461.7 146.8 Lebanon
77%
413 106.5 Ljubljana
77%
383 232.4 Lomé
77%
429.5 121.7 Macedonia
77%
372 127.5 Madrid
77%
377 202.2 Mali
77%
354 195.5 Mauritania
77%
423.7 117.8 Montenegro
77%
366 153.5 Morocco
77%
403.3 203.9 Niamey
77%
403.3 203.9 Niger
77%
398 230.8 Nigeria
77%
354 195.5 Nouakchott
77%
377 219 Ouagadougou
77%
423.7 117.8 Podgorica
77%
423.6 87.1 Poland
77%
385.7 225 Porto-Novo
77%
414 93.8 Prague
77%
427.5 118.5 Pristina
77%
366 153.5 Rabat
77%
436.7 107.1 Romania
77%
421 113 Sarajevo
77%
427.6 113 Serbia
77%
429.5 121.7 Skopje
77%
423 98 Slovakia
77%
413 106.5 Slovenia
77%
437.8 117.9 Sofia
77%
425.5 124 Tirana
77%
383 232.4 Togo
77%
419.3 172.9 Tripoli
77%
460.3 130.6 Turkey
77%
414.2 100.9 Vienna
77%
423.6 87.1 Warsaw
77%
368 235.9 Yamoussoukro
77%
418 108 Zagreb
77%
344 216 Banjul
75%
347.7 220.3 Bissau
75%
353.3 224.2 Conakry
75%
347 212 Dakar
75%
354 232.9 Freetown
75%
344 216 Gambia
75%
353.3 224.2 Guinea
75%
347.7 220.3 Guinea-Bissau
75%
359.2 239.6 Liberia
75%
419.3 172.9 Libya
75%
361.7 127.6 Lisbon
75%
404 255.8 Malabo
75%
359.2 239.6 Monrovia
75%
422.6 209.4 N'Djamena
75%
361.7 127.6 Portugal
75%
347 212 Senegal
75%
354 232.9 Sierra Leone
75%
401 148 Tunis
75%
401 148 Tunisia
75%
407 247 Yaoundé
75%
528 149.2 Afghanistan
73%
462.3 158.9 Amman
73%
420 301.2 Angola
73%
480.5 125 Armenia
73%
513 130.6 Ashgabat
73%
533 100 Astana
73%
487.6 125 Azerbaijan
73%
478.8 149.9 Baghdad
73%
487.6 125 Baku
73%
427.6 239 Bangui
73%
615 140.9 Beijing
73%
443.4 81.2 Belarus
73%
548 122 Bishkek
73%
435 336.1 Botswana
73%
416.9 260.5 Brazzaville
73%
436.7 107.1 Bucharest
73%
447 171.3 Cairo
73%
407 247 Cameroon
73%
427.6 239 Central African Republic
73%
422.6 209.4 Chad
73%
615 140.9 China
73%
444.4 102 Chișinău
73%
433 267.2 Democratic Republic of the Congo
73%
545.2 133.5 Dushanbe
73%
404 255.8 Equatorial Guinea
73%
439 64.8 Estonia
73%
437 52 Finland
73%
406.5 264 Gabon
73%
435 336.1 Gaborone
73%
479 120 Georgia
73%
437 52 Helsinki
73%
501.3 152.5 Iran
73%
478.8 149.9 Iraq
73%
459 157 Israel
73%
462.3 158.9 Jordan
73%
533 100 Kazakhstan
73%
450.6 96 Kiev
73%
433 267.2 Kinshasa
73%
548 122 Kyrgyzstan
73%
438 70.6 Latvia
73%
444 360.5 Lesotho
73%
406.5 264 Libreville
73%
434.3 76.3 Lithuania
73%
420 301.2 Luanda
73%
467 309.5 Maputo
73%
444 360.5 Maseru
73%
451.3 350.1 Mbabane
73%
443.4 81.2 Minsk
73%
444.4 102 Moldova
73%
614.2 104.1 Mongolia
73%
577 52 Moscow
73%
418 328 Namibia
73%
401.7 57 Norway
73%
401.7 57 Oslo
73%
431 365 Pretoria
73%
416.9 260.5 Republic of the Congo
73%
438 70.6 Riga
73%
577 52 Russia
73%
431 365 South Africa
73%
414.3 60.5 Stockholm
73%
448.5 209.5 Sudan
73%
451.3 350.1 Swaziland
73%
414.3 60.5 Sweden
73%
467 143 Syria
73%
545.2 133.5 Tajikistan
73%
439 64.8 Tallinn
73%
525 122.5 Tashkent
73%
479 120 Tbilisi
73%
501.3 152.5 Tehran
73%
513 130.6 Turkmenistan
73%
450.6 96 Ukraine
73%
614.2 104.1 Ulaanbaatar
73%
525 122.5 Uzbekistan
73%
434.3 76.3 Vilnius
73%
418 328 Windhoek
73%
480.5 125 Yerevan
73%
438 310 Zambia
73%
665.7 127 North Korea
72%
584.1 169.4 Bhutan
70%
556 185.9 India
70%
535.7 164.2 Islamabad
70%
528 149.2 Kabul
70%
569.8 166.5 Kathmandu
70%
569.8 166.5 Nepal
70%
556 185.9 New Delhi
70%
535.7 164.2 Pakistan
70%
665.7 127 Pyongyang
70%
669 139 Seoul
70%
669 139 South Korea
70%
608 207.9 Bangkok
68%
583 181.8 Bangladesh
68%
616 219.1 Cambodia
68%
583 181.8 Dhaka
68%
624.3 219.9 Hanoi
68%
635.5 264 Jakarta
68%
610.3 247.2 Kuala Lumpur
68%
610.3 194.9 Laos
68%
597 188.5 Myanmar
68%
597 188.5 Naypyidaw
68%
616 219.1 Phnom Penh
68%
608 207.9 Thailand
68%
584.1 169.4 Thimphu
68%
610.3 194.9 Vientiane
68%
624.3 219.9 Vietnam
68%
635.5 264 Indonesia
67%
703.7 282.4 Port Moresby
67%
638.6 246.1 Bandar Seri Begawan
65%
638.6 246.1 Brunei
65%
664.3 290.8 Dili
65%
664.3 290.8 East Timor
65%
610.3 247.2 Malaysia
65%
703.7 282.4 Papua New Guinea
63%
502 182.5 Abu Dhabi
62%
495.7 176.2 Doha
62%
449.6 239.5 Juba
62%
448.5 209.5 Khartoum
62%
447.8 267.7 Kigali
62%
487 162.9 Kuwait
62%
487 162.9 Kuwait City
62%
509.33 187.2 Muscat
62%
509.33 187.2 Oman
62%
495.7 176.2 Qatar
62%
482.1 179.9 Riyadh
62%
488.3 208.2 Sana'a
62%
482.1 179.9 Saudi Arabia
62%
449.6 239.5 South Sudan
62%
453.1 256.6 Uganda
62%
502 182.5 United Arab Emirates
62%
488.3 208.2 Yemen
62%
447.8 272.6 Bujumbura
60%
447.8 272.6 Burundi
60%
447 325 Harare
60%
453.1 256.6 Kampala
60%
456 307 Lilongwe
60%
438 310 Lusaka
60%
456 307 Malawi
60%
467 309.5 Mozambique
60%
447.8 267.7 Rwanda
60%
459.1 282.5 Tanzania
60%
447 325 Zimbabwe
60%
470 234.2 Addis Ababa
58%
466.3 209.2 Asmara
58%
476.4 221.6 Djibouti
58%
476.4 221.6 Djibouti (cap)
58%
459.1 282.5 Dodoma
58%
466.3 209.2 Eritrea
58%
470 234.2 Ethiopia
58%
465.8 259.9 Kenya
58%
488 230 Mogadishu
58%
465.8 259.9 Nairobi
58%
488 230 Somalia
58%
401.5 73.5 Copenhagen
57%
401.5 73.5 Denmark
57%
397.2 114.5 Monaco
57%
397.2 114.5 Monaco (cap)
57%
234 373 Argentina
55%
248.9 339.7 Asunción
55%
234 373 Buenos Aires
55%
254.9 370.2 Montevideo
55%
248.9 339.7 Paraguay
55%
254.9 370.2 Uruguay
55%
266 294 Brasília
53%
266 294 Brazil
53%
254.4 248.1 Paramaribo
53%
180.9 203.6 Belize
52%
180.9 203.6 Belmopan
52%
216.3 247.5 Bogotá
52%
236 319 Bolivia
52%
143 66 Canada
52%
232 235 Caracas
52%
218 384 Chile
52%
216.3 247.5 Colombia
52%
192 228 Costa Rica
52%
248 242 Georgetown
52%
177.4 210 Guatemala
52%
177.4 210 Guatemala City
52%
248 242 Guyana
52%
184.5 210.7 Honduras
52%
236 319 La Paz
52%
208 292 Lima
52%
151 182 Mexico
52%
151 182 Mexico City
52%
188.2 218.1 Nicaragua
52%
143 66 Ottawa
52%
198 232.5 Panama
52%
198 232.5 Panama City
52%
208 292 Peru
52%
218 384 Santiago
52%
254.4 248.1 Suriname
52%
153 129 United States
52%
232 235 Venezuela
52%
153 129 Washington D.C.
52%
455.3 143.7 Cyprus
50%
363 82.5 Dublin
50%
180.4 215 El Salvador
50%
363 82.5 Ireland
50%
412.9 141.1 Malta
50%
188.2 218.1 Managua
50%
455.3 143.7 Nicosia
50%
192 228 San José
50%
180.4 215 San Salvador
50%
395.5 260.6 São Tomé
50%
395.5 260.6 São Tomé and Príncipe
50%
184.5 210.7 Tegucigalpa
50%
412.9 141.1 Valletta
50%
486 324.3 Antananarivo
48%
494.3 174 Bahrain
48%
326.7 206.9 Cape Verde
48%
479.4 301.4 Comoros
48%
204 265.5 Ecuador
48%
341 43 Iceland
48%
486 324.3 Madagascar
48%
494.3 174 Manama
48%
479.4 301.4 Moroni
48%
326.7 206.9 Praia
48%
204 265.5 Quito
48%
341 43 Reykjavík
48%
510.1 329.1 Mauritius
42%
510.1 329.1 Port Louis
42%
246.5 217 Barbados
40%
246.5 217 Bridgetown
40%
776.7 391.9 New Zealand
40%
505.5 277 Seychelles
40%
505.5 277 Victoria
40%
776.7 391.9 Wellington
40%
693.3 140 Japan
38%
693.3 140 Tokyo
38%
241.4 204 Antigua and Barbuda
37%
242.4 209.5 Dominica
37%
242.4 209.5 Roseau
37%
241.4 204 Saint John's
37%
239.4 203.4 Basseterre
35%
239.4 203.4 Saint Kitts and Nevis
35%
683 342 Australia
33%
683 342 Canberra
33%
243.2 214.6 Castries
32%
242.7 216.8 Kingstown
32%
243.2 214.6 Saint Lucia
32%
242.7 216.8 Saint Vincent and the Grenadines
32%
221 197 Dominican Republic
30%
241.6 220.6 Grenada
30%
218 196 Haiti
30%
218 196 Port-au-Prince
30%
242.5 226.6 Port-of-Spain
30%
241.6 220.6 Saint George's
30%
221 197 Santo Domingo
30%
242.5 226.6 Trinidad and Tobago
30%
209 180.9 Bahamas
27%
206 200.2 Jamaica
27%
206 200.2 Kingston
27%
209 180.9 Nassau
27%
652.9 182.1 Taiwan
27%
206 190.2 Cuba
25%
206 190.2 Havana
25%
652.9 182.1 Taipei
25%
545.9 248.9 Maldives
20%
798.1 328.7 Nukuʻalofa
20%
798.1 328.7 Tonga
20%
545.9 248.9 Malé
18%
657 220.6 Manila
17%
657 220.6 Philippines
17%
755.5 318.6 Port Vila
17%
562 235.3 Sri Jayawardenepura Kotte
17%
562 235.3 Sri Lanka
17%
755.5 318.6 Vanuatu
17%
742.1 295 Honiara
15%
760.6 232.2 Majuro
15%
760.6 232.2 Marshall Islands
15%
742.1 295 Solomon Islands
15%
802.8 307.7 Apia
12%
717.7 235.2 Federated States of Micronesia
12%
782.9 320.1 Fiji
12%
680.5 241.3 Ngerulmud
12%
680.5 241.3 Palau
12%
717.7 235.2 Palikir
12%
802.8 307.7 Samoa
12%
782.9 320.1 Suva
12%
756.2 263.4 Nauru
10%
614.2 256.7 Singapore
10%
614.2 256.7 Singapore (cap)
10%
756.2 263.4 Yaren
10%
804.5 282.8 Funafuti
8%
21 272 Kiribati
8%
21 272 South Tarawa
8%
804.5 282.8 Tuvalu
8%
No matching quizzes found
Score Distribution
Percent of People with Each Score
Percentile by Number Answered
Your Score History
You have not taken this quiz